000 01762nam0a22003611 4500
001 rc\55141
005 20260406123300.0
021 _aRU
_b97-39400
035 _a(NLR Aleph) 005332617
090 _a6607881
_c6607881
100 _a20021216d1997 |||y0rusy50 ca
101 0 _arus
_deng
102 _aRU
105 _aa z||||||||
181 0 _ai
_baxxe
182 0 _an
200 1 _aПрименение метода возмущений в расчетах кампании ядерных систем с помощью методов Монте-Карло
_fЕ.А. Иванов
203 _aТекст
_bвизуальный
_cнепосредственный
210 _aОбнинск
_cФЭИ
_d1997
215 _d21
_a35 с.
_cсхем.
225 1 _a[Препринт]
_fГосударственный научный центр РФ "Физико-энергетический институт"
_vФЭИ-2587
300 _aРезюме на англ. яз.
320 _aБиблиогр.: с. 35
606 1 _aЯдерные реакторы
_xНейтронно-физический расчет
_xМонте-Карло метод
_92282632
_3RU\NLR\AUTH\661367501
686 1 _aз46-014с116
700 1 _8rus
_7ca
_aИванов
_bЕ.А.
_cканд. физ.-мат. наук
_gЕвгений Анатольевич
_3RU\NLR\AUTH\7713721
_9123403
712 0 2 _4475
_a"Физико-энергетический институт им. А. И. Лейпунского", государственный научный центр Российской Федерации
_cОбнинск
_3RU\NLR\AUTH\8816027
_9305190
801 0 _aRU
_bNLR
_gpsbo
801 1 _aRU
_bELAR
_2rusmarc
852 _aNLR
_j97-4/15419
942 _cBOOK
980 _aNB